000 00616nam a2200265Ia 4500
005 20260306164245.0
008 008 260114s9999 xx 000 0 eng d
020 _a9780823235520
037 _aEBOOK
040 _aCRL
040 _beng
040 _cCRL
041 _2eng
041 _aeng
084 _qCRL
100 _aRosenstock
_91130301
245 0 _aPhilosophy And The Jewish Question
260 _bFordham University Press
260 _c2011
650 _aPhilosophy
856 _uhttps://academic.oup.com/book/24265
942 _cEBOOK
999 _c1713391
_d1713391